Latex regeneration mechanism in Hevea: Role of lutoid membrane transport and protein synthesis (Record no. 50549)

MARC details
000 -LEADER
fixed length control field 00572nam a2200169Ia 4500
100 ## - MAIN ENTRY--AUTHOR NAME
Personal name Sreelatha S
245 #0 - TITLE STATEMENT
Title Latex regeneration mechanism in Hevea: Role of lutoid membrane transport and protein synthesis
260 ## - PUBLICATION, DISTRIBUTION, ETC. (IMPRINT)
Name of publisher PLACROSYM XXI. International Symposium on Plantation Crops, 10-12 December 2014, Kozhikode, India, pp. 68. Abstracts.
700 ## - ADDED ENTRY--PERSONAL NAME
Personal name Annamalainathan K
700 ## - ADDED ENTRY--PERSONAL NAME
Personal name Jacob J
700 ## - ADDED ENTRY--PERSONAL NAME
Personal name Krishnakumar R
700 ## - ADDED ENTRY--PERSONAL NAME
Personal name Mercykutty V C
700 ## - ADDED ENTRY--PERSONAL NAME
Personal name Mydin K K
700 ## - ADDED ENTRY--PERSONAL NAME
Personal name Simon S P
942 ## - ADDED ENTRY ELEMENTS (KOHA)
Koha item type Bibliography STAF
Holdings
Withdrawn status Lost status Damaged status Not for loan Home library Current library Shelving location Date acquired Koha item type
      Bibliography RRII Library RRII Library Physiology 24/03/2015 Bibliography STAF